000 00286pam a2200133 a 4500
020 _c
041 _h
082 _a920
_bBHA
100 _aBhattacharya
245 _aShadow From Ladakh
_hTextual Documents
260 _aPune
_bHind Pocket Books
_c1966
300 _a350
930 _a9886
999 _c116711
_d116711